<?xml version="1.0" encoding="UTF-8"?>
<record
    xmlns:xsi="http://www.w3.org/2001/XMLSchema-instance"
    xsi:schemaLocation="http://www.loc.gov/MARC21/slim http://www.loc.gov/standards/marcxml/schema/MARC21slim.xsd"
    xmlns="http://www.loc.gov/MARC21/slim">

  <leader>01128nam a22002537a 4500</leader>
  <controlfield tag="005">20170124102936.0</controlfield>
  <datafield tag="010" ind1=" " ind2=" ">
    <subfield code="a">A-765218</subfield>
  </datafield>
  <datafield tag="020" ind1=" " ind2=" ">
    <subfield code="c">50.00</subfield>
  </datafield>
  <datafield tag="035" ind1=" " ind2=" ">
    <subfield code="a">A-765218</subfield>
  </datafield>
  <datafield tag="037" ind1=" " ind2=" ">
    <subfield code="b">Cen Lib/Ret</subfield>
  </datafield>
  <datafield tag="040" ind1=" " ind2=" ">
    <subfield code="a">DPL</subfield>
    <subfield code="b">HN</subfield>
  </datafield>
  <datafield tag="082" ind1=" " ind2=" ">
    <subfield code="a">822</subfield>
    <subfield code="b">&#x92C;&#x930;&#x928;&#x93E;</subfield>
  </datafield>
  <datafield tag="100" ind1=" " ind2=" ">
    <subfield code="a">&#x92C;&#x930;&#x928;&#x93E;&#x932;&#x935;&#x940;, &#x92A;&#x94D;&#x930;&#x947;&#x92E;&#x938;&#x93F;&#x902;&#x939; </subfield>
    <subfield code="9">44529</subfield>
  </datafield>
  <datafield tag="245" ind1=" " ind2=" ">
    <subfield code="a">&#x924;&#x938;&#x94D;&#x935;&#x940;&#x930; &#x915;&#x92D;&#x940; &#x928;&#x939;&#x940;&#x902; &#x91F;&#x942;&#x91F;&#x924;&#x940; :</subfield>
    <subfield code="c">&#x92A;&#x94D;&#x930;&#x947;&#x92E;&#x938;&#x93F;&#x902;&#x939; &#x92C;&#x930;&#x928;&#x93E;&#x932;&#x935;&#x940; </subfield>
    <subfield code="b">&#x91F;&#x940;.&#x935;&#x940;.&#x930;&#x902;&#x917;&#x92E;&#x902;&#x91A;&#x940;&#x92F; &#x90F;&#x915;&#x93E;&#x902;&#x915;&#x940;-&#x938;&#x902;&#x917;&#x94D;&#x930;&#x939; /</subfield>
  </datafield>
  <datafield tag="246" ind1=" " ind2=" ">
    <subfield code="a">Tasveer kabhi nahi tootti : T.V.rangmanchiye ekanki-sangreh /</subfield>
    <subfield code="b">by Premsingh Barnalavi</subfield>
  </datafield>
  <datafield tag="260" ind1=" " ind2=" ">
    <subfield code="b">&#x938;&#x942;&#x930;&#x94D;&#x92F; &#x92D;&#x93E;&#x930;&#x924;&#x940; &#x92A;&#x94D;&#x930;&#x915;&#x93E;&#x936;&#x928; </subfield>
    <subfield code="a">&#x926;&#x93F;&#x932;&#x94D;&#x932;&#x940; </subfield>
    <subfield code="c">1995</subfield>
  </datafield>
  <datafield tag="270" ind1=" " ind2=" ">
    <subfield code="b">&#x926;&#x93F;&#x932;&#x94D;&#x932;&#x940; </subfield>
    <subfield code="a">&#x928;&#x908; &#x938;&#x921;&#x93C;&#x915;</subfield>
    <subfield code="e">110006</subfield>
  </datafield>
  <datafield tag="300" ind1=" " ind2=" ">
    <subfield code="a">126&#x92A;&#x943;. </subfield>
    <subfield code="c">17&#x938;&#x947;&#x92E;&#x940; (&#x938;&#x91C;&#x93F;&#x932;&#x94D;&#x926;)</subfield>
  </datafield>
  <datafield tag="650" ind1=" " ind2=" ">
    <subfield code="a">&#x939;&#x93F;&#x928;&#x94D;&#x926;&#x940; -- &#x938;&#x93E;&#x939;&#x93F;&#x924;&#x94D;&#x92F; </subfield>
    <subfield code="9">46712</subfield>
  </datafield>
  <datafield tag="650" ind1=" " ind2=" ">
    <subfield code="a">&#x939;&#x93F;&#x928;&#x94D;&#x926;&#x940; -- &#x915;&#x939;&#x93E;&#x928;&#x940; </subfield>
    <subfield code="9">779</subfield>
  </datafield>
  <datafield tag="650" ind1=" " ind2=" ">
    <subfield code="a">Hindi - literature</subfield>
    <subfield code="9">46713</subfield>
  </datafield>
  <datafield tag="650" ind1=" " ind2=" ">
    <subfield code="a">Hindi - Story</subfield>
    <subfield code="9">43117</subfield>
  </datafield>
  <datafield tag="942" ind1=" " ind2=" ">
    <subfield code="2">ddc</subfield>
    <subfield code="c">HN</subfield>
    <subfield code="h">822</subfield>
    <subfield code="m">&#x92C;&#x930;&#x928;&#x93E;</subfield>
  </datafield>
  <datafield tag="999" ind1=" " ind2=" ">
    <subfield code="c">112286</subfield>
    <subfield code="d">112286</subfield>
  </datafield>
  <datafield tag="952" ind1=" " ind2=" ">
    <subfield code="0">0</subfield>
    <subfield code="1">0</subfield>
    <subfield code="4">0</subfield>
    <subfield code="7">0</subfield>
    <subfield code="a">L</subfield>
    <subfield code="b">L</subfield>
    <subfield code="d">2015-08-07</subfield>
    <subfield code="e">Cen Lib/Ret</subfield>
    <subfield code="g">50.00</subfield>
    <subfield code="l">0</subfield>
    <subfield code="o">822 &#x92C;&#x930;&#x928;&#x93E;</subfield>
    <subfield code="p">A-765218</subfield>
    <subfield code="r">2015-08-07 00:00:00</subfield>
    <subfield code="t">1</subfield>
    <subfield code="v">50.00</subfield>
    <subfield code="w">2015-08-07</subfield>
    <subfield code="y">HN</subfield>
  </datafield>
</record>
